[Event "Rio de Janeiro op 3rd"]
[Site "Rio de Janeiro"]
[Date "2024.04.25"]
[Round "6"]
[White "Dias, Clara"]
[Black "Rovedo, Salomao"]
[Result "1-0"]
[WhiteElo "2018"]
[BlackElo "1748"]
[PlyCount "39"]
[EventDate "2024.04.22"]
[EventType "swiss"]
[EventRounds "9"]
[EventCountry "BRA"]
[SourceTitle "CB18_2024"]
[SourceDate "2024.05.01"]
[SourceVersion "1"]
[SourceVersionDate "2024.05.01"]
[SourceQuality "2"]

1. e4 c5 2. Nf3 Nc6 3. d4 cxd4 4. Nxd4 e5 5. Nb5 d6 6. N1c3 a6 7. Na3 b5 8. Nd5 Nf6 9. Bg5 Be7 10. Bxf6 gxf6 11. Qd3 Be6 12. c3 Bf8 13. Nc2 Bxd5 14. exd5 Ne7 15. a4 Rb8 16. axb5 axb5 17. Qxb5+ Rxb5 18. Bxb5+ Nc6 19. Bxc6+ Ke7 20. Ra7+ 1-0

[Event "Sao Paulo Sampa op"]
[Site "Sao Paulo"]
[Date "2024.01.30"]
[Round "3"]
[White "De Albuquerque, Ian Telek C"]
[Black "Dias, Clara"]
[Result "1-0"]
[WhiteElo "2089"]
[BlackElo "1857"]
[PlyCount "75"]
[EventDate "2024.01.29"]
[EventType "swiss"]
[EventRounds "9"]
[EventCountry "BRA"]
[SourceTitle "CB06_2024"]
[SourceDate "2024.02.07"]
[SourceVersion "1"]
[SourceVersionDate "2024.02.07"]
[SourceQuality "1"]

1. e4 c5 2. Nf3 d6 3. d4 cxd4 4. Nxd4 Nf6 5. Nc3 a6 6. h3 e5 7. Nf3 Be6 8. g4 h6 9. g5 hxg5 10. Nxg5 Nc6 11. Be3 d5 12. exd5 Nxd5 13. Nxe6 fxe6 14. Qg4 Qf6 15. Nxd5 exd5 16. 0-0-0 Qf7 17. Kb1 Be7 18. Bg2 d4 19. Bd2 Rh4 20. Qe2 Qf5 21. Rhe1 Bf6 22. f4 Rc8 23. Be4 Qd7 24. fxe5 Nxe5 25. Qf2 Kd8 26. Ba5+ Ke7 27. Bf5 Qb5 28. Bxc8 Qxa5 29. Bxb7 Kf8 30. Re4 Rxh3 31. Qf5 Rf3 32. Qc8+ Kf7 33. Rxe5 Qxe5 34. Bxf3 d3 35. Qb7+ Kf8 36. cxd3 Qd4 37. Bd5 g5 38. Qf7# 1-0

[Event "Florianopolis op 10th"]
[Site "Florianopolis"]
[Date "2024.01.23"]
[Round "5"]
[White "Dias, Clara"]
[Black "Curi, Gabriel"]
[Result "0-1"]
[WhiteElo "1717"]
[BlackElo "2069"]
[PlyCount "130"]
[EventDate "2024.01.20"]
[EventType "swiss"]
[EventRounds "10"]
[EventCountry "BRA"]
[SourceTitle "CB05_2024"]
[SourceDate "2024.01.31"]
[SourceVersion "1"]
[SourceVersionDate "2024.01.31"]
[SourceQuality "1"]

1. e4 e6 2. d4 d5 3. Nc3 Bb4 4. e5 Ne7 5. Bd2 b6 6. h4 Bxc3 7. Bxc3 Ba6 8. Bxa6 Nxa6 9. h5 h6 10. Qg4 Nf5 11. Qe2 Nb8 12. g4 Ne7 13. Nf3 c5 14. dxc5 bxc5 15. 0-0-0 Nbc6 16. Be1 Qb6 17. c3 Rb8 18. g5 Nf5 19. Rg1 Nce7 20. Qc2 hxg5 21. Rxg5 Kd7 22. c4 d4 23. Nd2 Qc7 24. Qa4+ Kc8 25. Qa6+ Rb7 26. Nb3 Kb8 27. Qa5 Qxa5 28. Nxa5 Rc7 29. Rd3 f6 30. exf6 gxf6 31. Rg1 Rxh5 32. Rb3+ Kc8 33. Rb5 Nd6 34. Rb3 e5 35. Rbg3 Rh7 36. Kc2 Kd7 37. f3 Rh2+ 38. Bd2 Ndf5 39. R3g2 Rxg2 40. Rxg2 Ke6 41. Re2 Nd6 42. Rh2 Rc8 43. Kd3 f5 44. Rh6+ Kd7 45. Bg5 e4+ 46. fxe4 fxe4+ 47. Ke2 Nef5 48. Rh7+ Ke6 49. Bf4 Rg8 50. Rh2 Rg4 51. Bxd6 Kxd6 52. Nb7+ Kc6 53. Nd8+ Kb6 54. Nf7 Ng3+ 55. Kf2 Rf4+ 56. Kxg3 Rxf7 57. a3 Rf6 58. Rf2 Rxf2 59. Kxf2 a5 60. Kg3 a4 61. Kf4 e3 62. Kf3 Kc6 63. Ke2 Kd6 64. Kd3 Ke5 65. b4 axb3 0-1

[Event "Florianopolis op 10th"]
[Site "Florianopolis"]
[Date "2024.01.22"]
[Round "4"]
[White "Filimberti Uczai, Joao Pedro"]
[Black "Dias, Clara"]
[Result "1/2-1/2"]
[WhiteElo "2122"]
[BlackElo "1717"]
[PlyCount "94"]
[EventDate "2024.01.20"]
[EventType "swiss"]
[EventRounds "10"]
[EventCountry "BRA"]
[SourceTitle "CB05_2024"]
[SourceDate "2024.01.31"]
[SourceVersion "1"]
[SourceVersionDate "2024.01.31"]
[SourceQuality "1"]

1. e4 c5 2. b3 Nc6 3. Bb2 e5 4. f4 exf4 5. Qf3 d5 6. exd5 Nd4 7. Bxd4 cxd4 8. Qxf4 Qxd5 9. Nf3 Bc5 10. Bc4 Qf5 11. Qxf5 Bxf5 12. d3 Nf6 13. 0-0 0-0 14. Ne5 Be6 15. Nd2 Bxc4 16. bxc4 Rfe8 17. Nef3 Bb4 18. Rab1 Bxd2 19. Nxd2 b6 20. h3 Re2 21. Rf2 Rae8 22. Nf3 Rxf2 23. Kxf2 Rd8 24. Rb5 g6 25. a4 Ne8 26. Rd5 Rxd5 27. cxd5 Nc7 28. d6 Ne6 29. d7 Kf8 30. Nxd4 Ke7 31. Nc6+ Kxd7 32. Nxa7 Nc5 33. Ke3 Nxa4 34. Nb5 Nc5 35. d4 Ne6 36. c4 h5 37. Nc3 h4 38. Nd5 Kc6 39. Nf6 Ng7 40. Kd3 Nf5 41. d5+ Kd6 42. Ne4+ Kd7 43. Ng5 Ke7 44. Nf3 Kd6 45. Nd4 Nxd4 46. Kxd4 f5 47. Ke3 g5 1/2-1/2

[Event "Criciuma op-A"]
[Site "Criciuma"]
[Date "2024.01.17"]
[Round "8"]
[White "Dias, Clara"]
[Black "Pedroso, Denian"]
[Result "1/2-1/2"]
[WhiteElo "1717"]
[BlackElo "1924"]
[PlyCount "116"]
[EventDate "2024.01.12"]
[EventType "swiss"]
[EventRounds "9"]
[EventCountry "BRA"]
[SourceTitle "CB04_2024"]
[SourceDate "2023.10.16"]
[SourceVersion "1"]
[SourceVersionDate "2023.10.16"]
[SourceQuality "1"]

1. e4 c5 2. Nf3 e6 3. d4 cxd4 4. Nxd4 Nf6 5. Nc3 Nc6 6. a3 d5 7. Bb5 Bd7 8. exd5 exd5 9. 0-0 Be7 10. Re1 0-0 11. Be3 Re8 12. h3 Rc8 13. Nf3 a6 14. Bf1 Bf5 15. Qd2 d4 16. Nxd4 Nxd4 17. Bxd4 Bxc2 18. Qf4 Qa5 19. Re2 Qf5 20. Qg3 Qg6 21. Rae1 Bf8 22. Bxf6 Rxe2 23. Rxe2 Qxg3 24. fxg3 Bc5+ 25. Kh2 Bd3 26. Be5 Bxe2 27. Nxe2 f6 28. Bc3 Kf7 29. a4 g5 30. Nc1 Bd6 31. Nb3 h5 32. Nd4 h4 33. Nf5 hxg3+ 34. Kh1 Bf4 35. Kg1 Ke6 36. Bd3 b5 37. axb5 axb5 38. Nd4+ Kd5 39. Nxb5 Kc5 40. Kf1 Rd8 41. b4+ Kc6 42. Nd4+ Kd5 43. Nf3 f5 44. Bxf5 Kc4 45. Be1 Ra8 46. Be6+ Kd3 47. b5 Ra1 48. b6 Ke3 49. b7 Rb1 50. h4 gxh4 51. Nxh4 Rxb7 52. Nf5+ Ke4 53. Nxg3+ Ke5 54. Bc4 Rb1 55. Ke2 Rxe1+ 56. Kxe1 Bxg3+ 57. Ke2 Kf4 58. Bd5 Bh2 1/2-1/2

[Event "BRA-ch (Women) 62nd"]
[Site "Timbo"]
[Date "2023.10.29"]
[Round "1"]
[White "Staats, Isabelli Da Silva"]
[Black "Dias, Clara"]
[Result "0-1"]
[WhiteElo "1753"]
[BlackElo "1648"]
[PlyCount "108"]
[EventDate "2023.10.29"]
[EventType "swiss"]
[EventRounds "9"]
[EventCountry "BRA"]
[SourceTitle "Mega2024 Update 01"]
[Source "Chessbase"]
[SourceDate "2023.11.12"]
[SourceVersion "1"]
[SourceVersionDate "2023.11.12"]
[SourceQuality "1"]

1. d4 d5 2. Bf4 c5 3. c3 Nf6 4. Nf3 Nc6 5. e3 Qb6 6. Qb3 c4 7. Qxb6 axb6 8. Nbd2 h6 9. h3 Bf5 10. Be2 e6 11. Ne5 Be7 12. 0-0 0-0 13. a3 b5 14. g4 Bh7 15. Rad1 Rfe8 16. Rfe1 Ne4 17. Nxe4 Bxe4 18. f3 Bh7 19. Rd2 Nxe5 20. Bxe5 Bh4 21. Red1 Rad8 22. Bc7 Rd7 23. Bb6 Bg3 24. Bc5 Bg6 25. Rc1 f6 26. f4 Be4 27. Bf1 f5 28. Bg2 Bd3 29. Bf1 Bxf1 30. Rxf1 Bh4 31. Rb1 g5 32. b3 gxf4 33. exf4 Be7 34. Bxe7 Rexe7 35. bxc4 bxc4 36. Rdb2 Rg7 37. Rg2 fxg4 38. Rxg4 Rxg4+ 39. hxg4 Rg7 40. g5 hxg5 41. fxg5 Rxg5+ 42. Kf2 Rg7 43. Ke3 Rg3+ 44. Kd2 Rg2+ 45. Kc1 Rg1+ 46. Kb2 Rxb1+ 47. Kxb1 Kf7 48. Kb2 Kf6 49. a4 e5 50. dxe5+ Kxe5 51. Ka3 d4 52. Kb4 d3 53. Kxc4 d2 54. a5 d1Q 0-1

[Event "Florianopolis op 9th"]
[Site "Florianopolis"]
[Date "2023.01.28"]
[Round "9"]
[White "Dias, Clara"]
[Black "Casas, Nicolas"]
[Result "0-1"]
[WhiteElo "1430"]
[BlackElo "1803"]
[PlyCount "63"]
[EventDate "2023.01.23"]
[EventType "swiss"]
[EventRounds "10"]
[EventCountry "BRA"]
[SourceTitle "CBM 212 Extra"]
[Source "ChessBase"]
[SourceDate "2023.03.31"]
[SourceVersion "1"]
[SourceVersionDate "2023.03.31"]
[SourceQuality "1"]

1. e4 d5 2. exd5 Nf6 3. d4 Nxd5 4. Nf3 Bg4 5. c4 Nf6 6. Be3 e6 7. Nc3 c6 8. Be2 Nbd7 9. 0-0 Be7 10. h3 Bh5 11. Re1 0-0 12. Bf4 Nb6 13. Ne5 Bxe2 14. Rxe2 Qc8 15. Qd3 Rd8 16. Nf3 Bf8 17. Rc1 h6 18. Ree1 Nbd7 19. a3 b6 20. Qc2 Qb7 21. Bh2 Rac8 22. Qb1 b5 23. Qd3 bxc4 24. Qxc4 Qxb2 25. Ra1 Nd5 26. Ne4 Qb5 27. Qa2 c5 28. a4 Qa5 29. dxc5 Nxc5 30. Nxc5 Qxc5 31. Qb1 Re8 32. Nd4 0-1

[Event "Florianopolis op 9th"]
[Site "Florianopolis"]
[Date "2023.01.24"]
[Round "2"]
[White "Santos, Camila Marinho Godo"]
[Black "Dias, Clara"]
[Result "0-1"]
[WhiteElo "1669"]
[BlackElo "1430"]
[PlyCount "38"]
[EventDate "2023.01.23"]
[EventType "swiss"]
[EventRounds "10"]
[EventCountry "BRA"]
[SourceTitle "CBM 212 Extra"]
[Source "ChessBase"]
[SourceDate "2023.03.31"]
[SourceVersion "1"]
[SourceVersionDate "2023.03.31"]
[SourceQuality "1"]

1. e4 c5 2. Nf3 d6 3. Bc4 Nc6 4. Nc3 g6 5. d3 Bg7 6. Bg5 Nf6 7. h3 0-0 8. Qd2 Re8 9. 0-0 a6 10. Rab1 b5 11. Bb3 Qc7 12. Qf4 e5 13. Qh4 Nh5 14. g4 Nf4 15. Bh6 Nd4 16. Ng5 Bf6 17. Bg7 Bxg5 18. Qxg5 Nf3+ 19. Kh1 Nxg5 0-1

[Event "Criciuma op"]
[Site "Criciuma"]
[Date "2023.01.15"]
[Round "3"]
[White "Dias, Clara"]
[Black "Serafim Junior, Arnor"]
[Result "1-0"]
[WhiteElo "1430"]
[BlackElo "1713"]
[PlyCount "117"]
[EventDate "2023.01.13"]
[EventType "swiss"]
[EventRounds "9"]
[EventCountry "BRA"]
[SourceTitle "CBM 212 Extra"]
[Source "ChessBase"]
[SourceDate "2023.03.31"]
[SourceVersion "1"]
[SourceVersionDate "2023.03.31"]
[SourceQuality "1"]

1. e4 c5 2. Nf3 e6 3. Nc3 Nc6 4. d4 cxd4 5. Nxd4 Qc7 6. Be2 a6 7. 0-0 Nf6 8. a3 b5 9. Bf3 Bb7 10. Nxc6 dxc6 11. Qe2 e5 12. Rd1 Be7 13. Be3 0-0 14. g3 Bc8 15. Kg2 Be6 16. h4 Qc8 17. Rh1 Rd8 18. Rad1 a5 19. Rxd8+ Bxd8 20. a4 Rb8 21. Ba7 Rb7 22. Qe3 b4 23. Nd1 Nd7 24. Bc5 Nxc5 25. Qxc5 Qc7 26. Be2 Be7 27. Qe3 Qd7 28. b3 c5 29. Nb2 Qd4 30. Qxd4 exd4 31. Bc4 Bc8 32. Ba6 Rc7 33. Bxc8 Rxc8 34. Nc4 Ra8 35. f4 f6 36. Kf3 Kf7 37. Re1 g5 38. hxg5 fxg5 39. f5 h5 40. Rh1 h4 41. g4 Rd8 42. Ke2 Ra8 43. Kd3 Bd8 44. e5 Bc7 45. e6+ Kf6 46. Nd2 Bf4 47. Ne4+ Ke7 48. Kc4 Rc8 49. Rh3 Rc6 50. Kb5 Rc8 51. Kxa5 c4 52. Kxb4 cxb3 53. cxb3 Bd6+ 54. Kb5 Rb8+ 55. Kc4 Rb4+ 56. Kd5 Bf4 57. f6+ Ke8 58. Nd6+ Bxd6 59. Kxd6 1-0

[Event "Criciuma op"]
[Site "Criciuma"]
[Date "2023.01.13"]
[Round "1"]
[White "Dias, Clara"]
[Black "Silva, Kaua Marques"]
[Result "0-1"]
[WhiteElo "1430"]
[BlackElo "2196"]
[PlyCount "86"]
[EventDate "2023.01.13"]
[EventType "swiss"]
[EventRounds "9"]
[EventCountry "BRA"]
[SourceTitle "CBM 212 Extra"]
[Source "ChessBase"]
[SourceDate "2023.03.31"]
[SourceVersion "1"]
[SourceVersionDate "2023.03.31"]
[SourceQuality "1"]

1. e4 e5 2. Nf3 Nc6 3. Bc4 Nf6 4. d3 Bc5 5. 0-0 a6 6. c3 Ba7 7. Bb3 d6 8. Re1 h6 9. Nbd2 g5 10. Nf1 g4 11. N3d2 h5 12. Ne3 h4 13. Ndf1 Qe7 14. d4 Bd7 15. Nd5 Nxd5 16. exd5 Na5 17. Bc2 0-0-0 18. b4 Nc4 19. a4 Qf6 20. Bb3 Nb6 21. dxe5 dxe5 22. Be3 Kb8 23. Qc1 Nc8 24. c4 h3 25. g3 Bd4 26. Bxd4 exd4 27. Nd2 Rhe8 28. b5 Nd6 29. Qd1 d3 30. Re3 Rxe3 31. fxe3 Qe5 32. Qe1 Re8 33. c5 Nf5 34. e4 axb5 35. axb5 Qd4+ 36. Kh1 Bxb5 37. Ra5 Qb4 38. Qa1 Ba6 39. Rxa6 bxa6 40. Qxa6 Rxe4 41. Qa1 Qxd2 42. Qh8+ Ka7 43. Qa1+ Kb7 0-1

[Event "BRA-ch U16 Girls"]
[Site "Florianopolis"]
[Date "2021.07.02"]
[Round "3"]
[White "Deobrochinski, Valentina Hinke"]
[Black "Dias, Clara"]
[Result "1-0"]
[WhiteElo "1327"]
[BlackElo "1217"]
[PlyCount "53"]
[EventDate "2021.07.01"]
[EventType "swiss"]
[EventRounds "6"]
[EventCountry "BRA"]
[SourceTitle "CBM 203 Extra"]
[Source "ChessBase"]
[SourceDate "2021.09.30"]
[SourceVersion "1"]
[SourceVersionDate "2021.09.30"]
[SourceQuality "1"]

1. d4 d5 2. e3 Nf6 3. c4 e6 4. Nc3 Be7 5. Nf3 0-0 6. Bd3 b6 7. Bd2 Bb7 8. 0-0 Nbd7 9. Qe2 Ne4 10. Ne1 c5 11. f3 Nxd2 12. Qxd2 f5 13. cxd5 exd5 14. Ne2 Bd6 15. f4 Qh4 16. Nf3 Qg4 17. Ne5 Nxe5 18. fxe5 Be7 19. Rf3 Bh4 20. Raf1 Bc8 21. Nf4 Qg5 22. Qc3 c4 23. Bc2 Rd8 24. Nh3 Qh5 25. Bxf5 Re8 26. Qc2 Bg5 27. Bxh7+ 1-0

[Event "BRA-ch U16 Girls"]
[Site "Florianopolis"]
[Date "2021.07.02"]
[Round "2"]
[White "Dias, Clara"]
[Black "Cadorin, Carine Ghisi"]
[Result "1-0"]
[WhiteElo "1217"]
[BlackElo "1300"]
[PlyCount "71"]
[EventDate "2021.07.01"]
[EventType "swiss"]
[EventRounds "6"]
[EventCountry "BRA"]
[SourceTitle "CBM 203 Extra"]
[Source "ChessBase"]
[SourceDate "2021.09.30"]
[SourceVersion "1"]
[SourceVersionDate "2021.09.30"]
[SourceQuality "1"]

1. e4 e5 2. Nf3 Nc6 3. Bc4 Bc5 4. c3 Nf6 5. d3 d6 6. Bb3 Be6 7. Bc2 Ne7 8. d4 exd4 9. cxd4 Bb4+ 10. Nc3 d5 11. Ng5 Bg4 12. f3 Bh5 13. e5 Nd7 14. Nxh7 Bg6 15. Ng5 Nb6 16. a3 Bxc3+ 17. bxc3 Qd7 18. Qe2 0-0-0 19. e6 fxe6 20. Nxe6 Bxc2 21. Nxd8 Rxd8 22. Qxc2 Nf5 23. 0-0 Nc4 24. Qb3 Qf7 25. a4 Rh8 26. Re1 Qf6 27. Rb1 b6 28. Qb5 c6 29. Qa6+ Kb8 30. Bf4+ Nfd6 31. Bg3 Ka8 32. a5 Nb5 33. Rxb5 cxb5 34. Qxb5 Qf7 35. Qc6+ Qb7 36. Re8+ 1-0